000
00315nam a2200133Ia 4500
100
_a
Kai/ Hwang/ Briggs
942
_c
BK
654
_a
Computer
245
_a
Computer Architecture and parallel processing
260
_b
McGraw - Hill
_a
New Delhi
_c
1984
082
_a
1.64
_b
HWA
300
_a
846
546
_a
ENGLISH
999
_c
29006
_d
29006